Italian Language -ERE Verbs - Statistics

General Stats
  • This quiz has been taken 100 times
  • The average score is 10 of 15
Answer Stats
Hint Answer % Correct
to write scrivere
96%
to live vivere
96%
to understand comprendere
88%
to take/get prendere
88%
to see vedere
85%
to read leggere
73%
to put/place mettere
69%
to laugh ridere
69%
to ask/request chiedere
65%
to close chiudere
65%
to choose/select scegliere
62%
to turn on accendere
58%
to stop smettere
42%
to turn off spegnere
42%
to push/press spingere
38%
No matching quizzes found
Score Distribution
Percent of People with Each Score
Percentile by Number Answered
Your Score History
You have not taken this quiz